=LDR 00000nam 2200000 4500 =001 INLIS000000000031990 =005 20130612134027 =008 ***********************************ind** =035 ##$$0010-061300000031990 =041 ##$$a ind =082 ##$$a 028.55 =090 ##$$a 028.55, Fir g =100 ##$$a Firdaus, El =245 ##$$a Gori Siraksasa, Gori The Giant, El Firdaus;Alih Bahasa, Ary Nilandari; Penyunting, Rani =260 ##$$a 2008 $b Bandung =300 ##$$a 23 hlm, Ilus, 23 cm =650 ##$$a Bacaan Anak-Anak =700 ##$$a Nilandar, Ary =850 ##$$a NBPNMAT